Countries Visited by Quizmaster - Statistics

General Stats
  • This quiz has been taken 30 times
  • The average score is 23 of 29
Answers on the Map
Answers color-coded by a green-red scale on the quiz's map according to % correct below.
 
Answer Stats
Answer % Correct
Canada
96%
France
96%
Germany
96%
Mexico
96%
United Kingdom
96%
United States
96%
Australia
93%
China
93%
Ireland
93%
Italy
93%
Spain
93%
Greece
89%
Japan
89%
Norway
89%
Sweden
89%
Netherlands
85%
New Zealand
85%
Austria
81%
Turkey
81%
Denmark
78%
Thailand
74%
Peru
70%
Colombia
67%
Costa Rica
63%
Vatican City
59%
San Marino
56%
Taiwan
52%
Monaco
48%
Tanzania
48%
No matching quizzes found
Score Distribution
Percent of People with Each Score
Percentile by Number Answered
Your Score History
You have not taken this quiz